00333 a2200121 4500001000700000020000600007040001100013100003900024240006800063245006300131300000800194362000900202183145 a  cMagnum aSaliba, Maria Aparecida Nascimento10aLook out: não quebre a cabeça... com a tradução...lpor10aLook out: não quebre a cabeça... com a tradução... a1120 a1994